| 000 -LEADER |
| fixed length control field |
01512 a2200253 4500 |
| 003 - CONTROL NUMBER IDENTIFIER |
| control field |
Nust |
| 005 - DATE AND TIME OF LATEST TRANSACTION |
| control field |
20230306120420.0 |
| 010 ## - LIBRARY OF CONGRESS CONTROL NUMBER |
| LC control number |
82012191 |
| 020 ## - INTERNATIONAL STANDARD BOOK NUMBER |
| International Standard Book Number |
008029376X |
| 040 ## - CATALOGING SOURCE |
| Transcribing agency |
Nust |
| 082 00 - DEWEY DECIMAL CLASSIFICATION NUMBER |
| Classification number |
338.4, HAZ |
| 100 1# - MAIN ENTRY--PERSONAL NAME |
| Personal name |
Hazewindus, Nico, |
| 9 (RLIN) |
109849 |
| 245 14 - TITLE STATEMENT |
| Title |
The U.S. microelectronics industry : |
| Remainder of title |
technical change, industry growth, and social impact / |
| Statement of responsibility, etc. |
Nico Hazewindus with John Tooker. |
| 260 ## - PUBLICATION, DISTRIBUTION, ETC. |
| Place of publication, distribution, etc. |
New York : |
| Name of publisher, distributor, etc. |
Pergamon Press, |
| Date of publication, distribution, etc. |
c1982. |
| 300 ## - PHYSICAL DESCRIPTION |
| Extent |
xxiii, 199 p. : |
| Other physical details |
ill. ; |
| Dimensions |
24 cm. |
| 440 #4 - SERIES STATEMENT/ADDED ENTRY--TITLE |
| Title |
The Technology policy and economic growth series |
| 9 (RLIN) |
109850 |
| 505 ## - FORMATTED CONTENTS NOTE |
| Formatted contents note |
A Perspective On Microelectronics (Page-1), Integrated Circuits And Their Impact (Page-8), Microelectronics (Page-27), Integrated Circuits Technology (Page-44), Integrated Circuits , Product (Page-59), Integrated Circuit Industry (Page-79), Trends (Page-107), The Technology Base Of The US Integrated Circuit Industry (Page-129), The Manpower Problem (Page-151), Microelectronics And Employment (Page-158), Policies Of Federal And State Government (Page-169), US Microelectronics (Page-184). |
| 650 #0 - SUBJECT ADDED ENTRY--TOPICAL TERM |
| Topical term or geographic name entry element |
Microelectronics industry |
| General subdivision |
Government policy |
| Geographic subdivision |
United States. |
| 9 (RLIN) |
109851 |
| 650 #0 - SUBJECT ADDED ENTRY--TOPICAL TERM |
| Topical term or geographic name entry element |
Microelectronics industry |
| General subdivision |
Technological innovations |
| Geographic subdivision |
United States. |
| 9 (RLIN) |
109852 |
| 650 #0 - SUBJECT ADDED ENTRY--TOPICAL TERM |
| Topical term or geographic name entry element |
Microelectronics industry |
| Geographic subdivision |
United States. |
| 9 (RLIN) |
109853 |
| 700 1# - ADDED ENTRY--PERSONAL NAME |
| Personal name |
Tooker, John. |
| 9 (RLIN) |
109854 |
| 710 2# - ADDED ENTRY--CORPORATE NAME |
| Corporate name or jurisdiction name as entry element |
New York University. |
| Subordinate unit |
Graduate School of Business Administration. |
| -- |
Center for Science and Technology Policy. |
| 9 (RLIN) |
109855 |
| 942 ## - ADDED ENTRY ELEMENTS (KOHA) |
| Source of classification or shelving scheme |
|
| Koha item type |
Book |